000 01327namaa22003371i 4500
005 20260301114356.0
008 260215s1994 ua a|||frm||| 000 0 eng d
040 _aEG-GICUC
_beng
_cEG-GICUC
_dEG-GICUC
_erda
041 0 _aeng
_beng
_bara
049 _aDeposit
097 _aPh.D
099 _aCai01.12.01.Ph.D.1994.Ma.C
100 0 _aMagdy Youssef Amin ,
_epreparation.
245 1 4 _aThe Contraction of magnetized cloud /
_b
_cBy Magdy Youssef Amin ; Supervised Prof. Dr. A. Aiad , Prof. Dr. Bader G . Ateya, Prof.Dr. M. A. Sharf, Dr. M. S. El Nawawy.
246 1 5 _aانكماش سحابة بين نجمية ممغنطة
264 0 _c1994
300 _a285 Leaves :
_billustrations ;
_c30 cm. +
336 _2rda content
_atext
337 _2rdamedia
_aUnmediated
338 _2rdacarrier
_avolume
502 _aThesis (Ph.D.) -Cairo University, 1994
504 _aBibliography: pages 275-285.
653 0 _acloud
_amagnetized
700 0 _aA. Aiad
_ethesis advisor.
700 0 _aBader G . Ateya
_ethesis advisor.
700 0 _aM. A. Sharf
_ethesis advisor.
700 0 _aM. S. El Nawawy
_ethesis advisor.
900 _DDepartment of Astronomy
_FFaculty of Science
_UCairo University
_b1994
_cA. Aiad
_cBader G . Ateya
_c M. A. Sharf
_cM. S. El Nawawy
905 _aNagat
_eNourhan
942 _2ddc
_cTH
_e21
_n0
999 _c178470